000 00622nam a22002417a 4500
003 UA-OsUOA
001 29711
007 ta
008 20041025b un ||||| |||| 00| 0 ukr d
100 _aЧавдаров С. Х.
090 _a82.09(477)
_bЧ-12
942 _cBK
040 _aUA-OsUOA
_bukr
_cUA-OsUOA
_dUA-OsUOA
245 _aПедагогічні ідеї Тараса Григоровича Шевченка
300 _a207 с.
955 _a0
041 _aukr
080 _a82.09(477)
260 _aКиїв
_bРадянська школа
_c1953
044 _aUA
650 7 _2UDC
999 _c316107
_d316107